Textbook of Microbiology for GNM Nursing (Record no. 359586)
[ view plain ]
| 000 -LEADER | |
|---|---|
| fixed length control field | 00535nam a22001937a 4500 |
| 005 - DATE AND TIME OF LATEST TRANSACTION | |
| control field | 20240906141803.0 |
| 008 - FIXED-LENGTH DATA ELEMENTS--GENERAL INFORMATION | |
| fixed length control field | 240906b |||||||| |||| 00| 0 eng d |
| 020 ## - INTERNATIONAL STANDARD BOOK NUMBER | |
| International Standard Book Number | 978-93-92242-03-8 |
| 041 ## - LANGUAGE CODE | |
| Language code of text/sound track or separate title | eng |
| 082 ## - DEWEY DECIMAL CLASSIFICATION NUMBER | |
| Edition number | 1st |
| Classification number | M 610.01 GUP B11143 |
| Item number | GUP |
| 100 ## - MAIN ENTRY--PERSONAL NAME | |
| Author | Gupta Pooja |
| 245 ## - TITLE STATEMENT | |
| Title | Textbook of Microbiology for GNM Nursing |
| 250 ## - EDITION STATEMENT | |
| Edition statement | 1st |
| 260 ## - PUBLICATION, DISTRIBUTION, ETC. | |
| Place of publication, distribution, etc. | Mohali |
| Name of publisher, distributor, etc. | Vision Health Sciences |
| Date of publication, distribution, etc. | 2021 |
| 300 ## - PHYSICAL DESCRIPTION | |
| Extent | 124p |
| Other physical details | Pb |
| Dimensions | 24X18.5cm |
| 365 ## - TRADE PRICE | |
| Price type code | Rupaye |
| Price amount | 295.00 |
| Currency code | INR |
| 521 ## - TARGET AUDIENCE NOTE | |
| Target audience note | Microbiology<br/>Nursing |
| 942 ## - ADDED ENTRY ELEMENTS (KOHA) | |
| Koha item type | Books |
| Withdrawn status | Lost status | Source of classification or shelving scheme | Damaged status | Not for loan | Home library | Current library | Date acquired | Vendor | Net Price | Bill number | Full call number | Barcode | Date last seen | Discount | Actual Price | Bill Date | Koha item type | Original Barcode | Total Checkouts | Date last checked out | Total Renewals |
|---|---|---|---|---|---|---|---|---|---|---|---|---|---|---|---|---|---|---|---|---|---|
| Dewey Decimal Classification | Reference | Smt. Bakul Tambat Institute of Nursing Education | Smt. Bakul Tambat Institute of Nursing Education | 02/09/2024 | Varad Enterprises | 191.75 | 210 | M 610.01 GUP B11143 | BTIN-BK-11143 | 06/09/2024 | 103.25 | 295.00 | 12/08/2024 | Books | BTIN-BK-11143 | ||||||
| Dewey Decimal Classification | Smt. Bakul Tambat Institute of Nursing Education | Smt. Bakul Tambat Institute of Nursing Education | 02/09/2024 | Varad Enterprises | 191.75 | 210 | M 610.01 GUP B11144 | BTIN-BK-11144 | 23/06/2025 | 103.25 | 295.00 | 12/08/2024 | Books | BTIN-BK-11144 | 2 | 17/06/2025 | |||||
| Dewey Decimal Classification | Smt. Bakul Tambat Institute of Nursing Education | Smt. Bakul Tambat Institute of Nursing Education | 02/09/2024 | Varad Enterprises | 191.75 | 210 | M 610.01 GUP B11145 | BTIN-BK-11145 | 12/02/2026 | 103.25 | 295.00 | 12/08/2024 | Books | BTIN-BK-11145 | 3 | 05/02/2026 | 1 | ||||
| Dewey Decimal Classification | Smt. Bakul Tambat Institute of Nursing Education | Smt. Bakul Tambat Institute of Nursing Education | 02/09/2024 | Varad Enterprises | 191.75 | 210 | M 610.01 GUP B11146 | BTIN-BK-11146 | 29/01/2026 | 103.25 | 295.00 | 12/08/2024 | Books | BTIN-BK-11146 | 5 | 27/01/2026 | 1 | ||||
| Dewey Decimal Classification | Smt. Bakul Tambat Institute of Nursing Education | Smt. Bakul Tambat Institute of Nursing Education | 02/09/2024 | Varad Enterprises | 191.75 | 210 | M 610.01 GUP B11147 | BTIN-BK-11147 | 06/09/2024 | 103.25 | 295.00 | 12/08/2024 | Books | BTIN-BK-11147 | |||||||
| Dewey Decimal Classification | Smt. Bakul Tambat Institute of Nursing Education | Smt. Bakul Tambat Institute of Nursing Education | 02/09/2024 | Varad Enterprises | 191.75 | 210 | M 610.01 GUP B11148 | BTIN-BK-11148 | 29/01/2026 | 103.25 | 295.00 | 12/08/2024 | Books | BTIN-BK-11148 | 5 | 27/01/2026 | |||||
| Dewey Decimal Classification | Smt. Bakul Tambat Institute of Nursing Education | Smt. Bakul Tambat Institute of Nursing Education | 02/09/2024 | Varad Enterprises | 191.75 | 210 | M 610.01 GUP B11149 | BTIN-BK-11149 | 03/07/2025 | 103.25 | 295.00 | 12/08/2024 | Books | BTIN-BK-11149 | 4 | 27/06/2025 | |||||
| Dewey Decimal Classification | Smt. Bakul Tambat Institute of Nursing Education | Smt. Bakul Tambat Institute of Nursing Education | 02/09/2024 | Varad Enterprises | 191.75 | 210 | M 610.01 GUP B11150 | BTIN-BK-11150 | 13/01/2025 | 103.25 | 295.00 | 12/08/2024 | Books | BTIN-BK-11150 | 1 | 07/01/2025 | |||||
| Dewey Decimal Classification | Smt. Bakul Tambat Institute of Nursing Education | Smt. Bakul Tambat Institute of Nursing Education | 02/09/2024 | Varad Enterprises | 191.75 | 210 | M 610.01 GUP B11151 | BTIN-BK-11151 | 13/01/2025 | 103.25 | 295.00 | 12/08/2024 | Books | BTIN-BK-11151 | 1 | 07/01/2025 | |||||
| Dewey Decimal Classification | Smt. Bakul Tambat Institute of Nursing Education | Smt. Bakul Tambat Institute of Nursing Education | 02/09/2024 | Varad Enterprises | 191.75 | 210 | M 610.01 GUP B11152 | BTIN-BK-11152 | 29/01/2026 | 103.25 | 295.00 | 12/08/2024 | Books | BTIN-BK-11152 | 4 | 27/01/2026 |